| 000 -LEADER |
| fixed length control field |
00613nam a22001457a 4500 |
| 003 - CONTROL NUMBER IDENTIFIER |
| control field |
LRUA |
| 005 - DATE AND TIME OF LATEST TRANSACTION |
| control field |
20231107204846.0 |
| 008 - FIXED-LENGTH DATA ELEMENTS--GENERAL INFORMATION |
| fixed length control field |
231107b xxu||||| |||| 00| 0 eng d |
| 040 ## - CATALOGING SOURCE |
| Transcribing agency |
DLC |
| 082 ## - DEWEY DECIMAL CLASSIFICATION NUMBER |
| Edition number |
FAO ជីវិត 2017 C011 Or. |
| 245 ## - TITLE STATEMENT |
| Title |
ការអប់រំបំណិនជីវិតការរៀបចំសួនបន្លែសាលារៀន និងការអប់រំអំពីអាហារូបត្ថម្ពសៀវភៅណែនាំសម្រាប់គ្រូបង្គោល |
| 260 ## - PUBLICATION, DISTRIBUTION, ETC. (IMPRINT) |
| Place of publication, distribution, etc. |
Phnom Penh |
| Date of publication, distribution, etc. |
2017 |
| 300 ## - PHYSICAL DESCRIPTION |
| Extent |
XXII.159P |
| 942 ## - ADDED ENTRY ELEMENTS (KOHA) |
| Source of classification or shelving scheme |
|
| Koha item type |
សៀវភៅភាសាខ្មែរ |